Malekshad v Howard de Walden Estates Ltd (Record no. 71801)

MARC details
000 -LEADER
fixed length control field 02094cam a2200241 4500
001 - CONTROL NUMBER
control field ABS66268
008 - FIXED-LENGTH DATA ELEMENTS--GENERAL INFORMATION
fixed length control field 021217n2002 000 0 eng u
035 ## - SYSTEM CONTROL NUMBER
System control number (Sirsi) u120821
245 ## - TITLE STATEMENT
Title Malekshad v Howard de Walden Estates Ltd
260 ## - PUBLICATION, DISTRIBUTION, ETC.
Date of publication, distribution, etc. 2002
490 ## - SERIES STATEMENT
Series statement Weekly Law Reports
Volume/sequential designation [2002] 3 WLR 1881-1912(28)
490 ## - SERIES STATEMENT
Series statement Estates Gazette
Volume/sequential designation [2002] 50 EG 114(CS)
520 ## - SUMMARY, ETC.
Summary, etc. 2002] UKHL 49,5 December 2002. Appellant landlord H was freeholder of a site incorporating a house at 76 Harley Street (76) and a mews building at 28 Weymouth Mews (27). Respondent tenant (M) held a lease for the whole site. The two properties were physically linked by a basement which extended the whole length of the site and by access through a door between the two at ground level. M made various claims to enfranchise under the Leasehold Reform Act 1967 which were disputed by H. M put forward two alternative claims to enfranchise (i) whole site (wider claim) and (ii) No 76 (narrower claim) The CA allowed the wider claim on the grounds that the property could reasonably be described as one house. H appeal to the HL. HL overturned the CA's decision on the grounds that the site constituted a building but not a single house and that the guidance in"Tandon v Trustees of Spurgeon Homes" 1982 had been wrongly applied. HL allowed narrower claim to enfranchise No 76 only. Appeal allowed. Case remitted to county court. Full copy of the House of Lords decision available on http://www.parliament.the-stationery-office.co.uk/pa/ld200203/ldjudgmt/jd021205/malek-1.htm.(For CA decision, see Abs64562 and the CC decision see WB3613-20.
590 ## - LOCAL NOTE (RLIN)
Local note ABS
650 ## - SUBJECT ADDED ENTRY--TOPICAL TERM
Topical term or geographic name entry element MALEKSHAD V HOWARD DE WALDEN ESTATES LTD
650 ## - SUBJECT ADDED ENTRY--TOPICAL TERM
Topical term or geographic name entry element LEASEHOLD ENFRANCHISEMENT
650 ## - SUBJECT ADDED ENTRY--TOPICAL TERM
Topical term or geographic name entry element LEASEHOLD REFORM ACT 1967
650 ## - SUBJECT ADDED ENTRY--TOPICAL TERM
Topical term or geographic name entry element BASEMENTS
650 ## - SUBJECT ADDED ENTRY--TOPICAL TERM
Topical term or geographic name entry element HUMAN RIGHTS ACT 1998
690 ## - LOCAL SUBJECT ADDED ENTRY--TOPICAL TERM (OCLC, RLIN)
Topical term or geographic name as entry element LANDLORD AND TENANT-LEASEHOLD REFORM-CASE LAW
856 ## - ELECTRONIC LOCATION AND ACCESS
Uniform Resource Identifier <a href="https://www.parliament.the-stationery-office.co.uk/pa/ld200203/ldjudgmt/jd021205/malek-1.htm">https://www.parliament.the-stationery-office.co.uk/pa/ld200203/ldjudgmt/jd021205/malek-1.htm</a>
Public note Full copy of decision available on House of Lords website
942 ## - ADDED ENTRY ELEMENTS (KOHA)
Suppress in OPAC 0
Holdings
Withdrawn status Lost status Source of classification or shelving scheme Damaged status Not for loan Home library Current library Shelving location Date acquired Total Checkouts Full call number Barcode Date last seen Copy number Price effective from Koha item type
    Dewey Decimal Classification     London London Journal article 17/12/2002   ABS66268 120821-1001 06/08/2019 1 06/08/2019 Law report